| 000 | 00505nam a22001457a 4500 | ||
|---|---|---|---|
| 082 | _a621.39 | ||
| 100 | _aNaz, Samra | ||
| 245 |
_aAutomated Segmentation of Retinal Layers for the Detection of Diabetic Macular Edema using OCT Images / _cSamra Naz |
||
| 260 |
_aIslamabad : _bCEME - NUST, _c2016. |
||
| 300 |
_a48 p. ; _c30cm. |
||
| 650 |
_aComputer Engineering-MS-Thesis _916083 |
||
| 700 |
_aDr. Muhammad Usman Akram _916084 |
||
| 942 |
_2ddc _cTHE |
||
| 999 |
_c537892 _d537892 |
||